Statistics for NBA 2023 Playoffs Starters

Click here to take the quiz!

General Stats

  • This quiz has been taken 5,510 times
    (5,027 since last reset)
  • The average score is 64 of 80

Answer Stats

TeamPlayer% Correct
BucksGiannis Antetokounmpo
99%
CelticsJayson Tatum
98%
CelticsJaylen Brown
97%
76ersJoel Embiid
97%
BucksJrue Holiday
96%
NuggetsNikola Jokić
96%
BucksBrook Lopez
95%
NuggetsJamal Murray
95%
76ersJames Harden
95%
GrizzliesJa Morant
95%
HeatJimmy Butler
95%
BucksKhris Middleton
95%
LakersLeBron James
95%
WarriorsStephen Curry
95%
HawksTrae Young
95%
LakersAnthony Davis
94%
HawksDejounte Murray
94%
SunsDevin Booker
94%
CavaliersDonovan Mitchell
94%
WarriorsDraymond Green
94%
KingsKeegan Murray
94%
SunsKevin Durant
94%
WarriorsKlay Thompson
94%
KingsDe'Aaron Fox
93%
KnicksJalen Brunson
92%
HeatBam Adebayo
91%
KnicksJulius Randle
91%
SunsChris Paul
90%
CavaliersDarius Garland
90%
KingsDomantas Sabonis
90%
BucksGrayson Allen
90%
CavaliersJarrett Allen
90%
TimberwolvesKarl-Anthony Towns
90%
CelticsMarcus Smart
90%
76ersTyrese Maxey
90%
TimberwolvesAnthony Edwards
89%
CelticsAl Horford
88%
GrizzliesJaren Jackson Jr.
88%
WarriorsAndrew Wiggins
87%
SunsDeandre Ayton
87%
TimberwolvesRudy Gobert
87%
NuggetsAaron Gordon
86%
ClippersEric Gordon
86%
WarriorsKevon Looney
86%
NetsMikal Bridges
86%
HawksClint Capela
85%
LakersD'Angelo Russell
85%
NuggetsMichael Porter Jr.
85%
76ersTobias Harris
84%
CavaliersEvan Mobley
83%
LakersAustin Reaves
82%
CelticsDerrick White
81%
KnicksMitchell Robinson
81%
ClippersRussell Westbrook
81%
GrizzliesDesmond Bane
80%
NuggetsKentavious Caldwell-Pope
78%
GrizzliesDillon Brooks
76%
ClippersIvica Zubac
75%
KnicksRJ Barrett
74%
NetsNic Claxton
73%
76ersP.J. Tucker
69%
HawksJohn Collins
68%
TimberwolvesMike Conley
68%
NetsCam Johnson
66%
HeatGabe Vincent
63%
KingsKevin Huerter
63%
HeatMax Strus
63%
NetsSpencer Dinwiddie
63%
HeatKevin Love
62%
KingsHarrison Barnes
61%
HawksDe'Andre Hunter
59%
LakersJarred Vanderbilt
57%
KnicksJosh Hart
52%
CavaliersCaris LeVert
48%
NetsDorian Finney-Smith
45%
GrizzliesXavier Tillman Sr.
41%
ClippersNicolas Batum
36%
ClippersNorman Powell
36%
SunsTorrey Craig
26%
TimberwolvesNickeil Alexander-Walker
23%

Score Distribution

Percentile by Number Answered

Percent of People with Each Score

Your Score History

You have not taken this quiz since the last reset